00368nam a22001457a 4500003000400000020001800004082001400022100001800036245003600054250000800090260005800098300002700156650001200183653002700195SGT a9789388902755 a611bH20G aGarg, Krishna aB. D. Chaurasia's Human Anatomy a8th aNew Delhi, IndiabCBS Publishers & Distributersc2020 aV.3 365 V.4 226 aAnatomy aAnatomy, Human Anatomy